| 000 | 00656nam a2200193 a 4500 | ||
|---|---|---|---|
| 005 | 20240418063717.0 | ||
| 008 | 991125s1962 es 000 0 spa u | ||
| 035 | _aUPN01000012194 | ||
| 049 | _aCG | ||
| 050 | 4 |
_aLC1011 _aD3.28 |
|
| 100 | 1 |
_aDawson, Christopher Henry, _d1889-1970 _931229 |
|
| 245 | 1 | 3 |
_aLa crisis de la educación occidental / _cChristopher Dawson ; tr. Esteban Pujals. |
| 260 |
_aMadrid : _bRialp, _c1962. |
||
| 300 | _a208 p. | ||
| 440 | 0 |
_aBiblioteca de educación y ciencias sociales. _pInvestigaciones y ensayos ; _v3 |
|
| 650 | 4 |
_aEDUCACION HUMANISTICA - _xHISTORIA _917850 |
|
| 650 | 4 |
_aEducación religiosa _919070 |
|
| 905 | _aLibro | ||
| 999 |
_c12194 _d12194 |
||